000 00435nam a2200169Ia 4500
005 20241217014011.0
008 240331s9999 xx 000 0 und d
020 _a0415072972
082 _bKAR
_23952
_a304.2
245 0 _aEcological Feminism
_bEnvironmental Philosophies
260 _aNew York
_bRoutledge
_c1994
300 _axiii, 209 p.,
650 _aFeminism
650 _aPhilosophy
700 _aWarren, K. J
_eedt
942 _cL
999 _c1332
_d1332